[List Sama Gavoru Františkovi Víťazoslavovi Sasinkovi]

Blahoželá k 40. výročiu literárnej činnosti

Podrobná bibliografia
Hlavný autor: Gavora, Samo, 1854-1924 (Autor)
Médium: Rukopis Kniha
Jazyk:slovenčina
Fyzický popis:2 nečíslované strany rukopis, voľný list 7 x 11 cm
Vydavateľské údaje: na Brezovej [1892?]
Predmet:

MARC

LEADER 00000ntmaa2200000 a 4500
001 vtls012270884
003 SK-MaSNL
005 20260302005003.0
008 251104s1892 xo || 000 idslo
040 |a SNKLA  |b slo  |c SNKLA  |e AACR2 
041 0 |a slo 
044 |a xo  |c SK 
080 |a (044)  |2 2011 
080 |a 025.171  |2 2011 
080 |a 394.46  |2 2011 
080 |a 82-026.12  |2 2011 
080 |a 395.82  |2 2011 
100 1 |a Gavora, Samo,  |d 1854-1924  |4 aut  |9 257805 
245 1 0 |a [List Sama Gavoru Františkovi Víťazoslavovi Sasinkovi]  |c Samo Gavora Janóv 
260 |a na Brezovej  |c [1892?] 
300 |a 2 nečíslované strany  |b rukopis, voľný list  |c 7 x 11 cm 
520 2 |a Blahoželá k 40. výročiu literárnej činnosti 
555 0 |a Inventár rukopisov Literárneho archívu Matice slovenskej VI. Archív Slovenského národného múzea. Fondy M 51 - 120. Martin : Matica slovenská 1977 
561 |a Okrúhla pečiatka: Museálna slovenská spoločnosť 
561 |a Okrúhla pečiatka: Matica slovenská Martin Archív literatúry a umenia 
650 0 7 |a výročia a významné udalosti  |2 SNKPH  |9 16069 
650 0 7 |a literárna činnosť  |2 SNKPH  |9 67286 
650 0 7 |a blahoželania  |2 SNKPH  |9 30339 
655 7 |a korešpondencia  |2 SNKPH  |9 60843 
655 7 |a listy  |2 SNKPH  |9 84490 
655 7 |a rukopisy  |2 SNKPH  |9 70548 
700 1 |a Sasinek, František Víťazoslav,  |d 1830-1914  |4 rcp  |9 8180 
752 |a Slovensko  |d Brezová pod Bradlom 
852 |a SNK  |b Literárny archív 
958 |a MOF 
958 |a LAVD 
999 |c 997887  |d 999817 
952 |a SNKLA  |b SNKLA  |c SNKLA_DEP  |y NEVYP  |7 0  |p 17A1230959  |o snkM 90 A 28  |0 0  |1 0  |4 0  |d 2025-02-10  |f 1  |l 0  |r 2026-02-24 12:09:16  |w 2026-02-24